00285nam a2200133Ia 45000030006000000080041000060400015000471000017000622450031000792600006001103000006001165460012001220050017001340STCL150530s9999 xx 000 0 und d aSTCLcSTCL aDupraw, E.J. aCell and molecular biology c0 a0 aEnglish20220125170438.0